000 00638nam a2200193 i 4500
999 _c2306
_d2306
005 20201014155119.0
008 140305s1985 ||||| |||| 00| 0 eng d
040 _aCO-BoIAVH
_cCO-BoIAVH
041 _aeng
090 _aRE
_b00062
100 1 _aSmart, Paul
245 1 4 _aThe llustrated
_bencyclopedia of the butterfly world /
_cPaul Smart Fres.
260 _a[Inglaterra] :
_bLeisure books,
_c1985.
300 _a274 páginas :
_bilustraciones y fotografías ;
_c30 cm.
650 1 4 _aMariposas
_xClasificación
650 2 4 _aMariposas
_xObras ilustradas
650 2 4 _aLepidócteros
942 _cLIBRO
_2ddc